[Event "Madrid-ch Previa A"]
[Site "Madrid ESP"]
[Date "2016.02.08"]
[Round "1.27"]
[White "Navarro Corredor, Angel"]
[Black "Pashov, Spas Nikolov"]
[Result "0-1"]
[WhiteElo "1456"]
[BlackElo "1774"]
[PlyCount "96"]
[EventDate "2016.02.08"]
[EventType "swiss"]
[EventRounds "9"]
[EventCountry "ESP"]
[SourceDate "2016.02.08"]

1. e4 e5 2. Nf3 Nc6 3. Bb5 f5 4. exf5 Nf6 5. Bxc6 dxc6 6. Nxe5 Bxf5 7. d3 Qd5
8. Qf3 Qxe5+ 9. Be3 O-O-O 10. Nc3 Bd6 11. h3 Nd5 12. d4 Qe6 13. Nxd5 cxd5 14.
O-O-O c6 15. Rhe1 Qg6 16. Rd2 Be4 17. Qg4+ Qxg4 18. hxg4 Bxg2 19. Rg1 Bf3 20.
g5 Bh2 21. Re1 Rhe8 22. c3 Bf4 23. Rg1 Rxe3 24. fxe3 Bxe3 25. Rf1 Bh5 26. Kc2
Bxd2 27. Kxd2 Re8 28. Rf2 Kd7 29. Rh2 Re2+ 30. Rxe2 Bxe2 31. Kxe2 Ke6 32. Kd3
Kf5 33. b4 b5 34. Kc2 Kxg5 35. Kb2 h5 36. a4 h4 37. c4 dxc4 38. Kc3 a6 39. a5
h3 40. Kd2 h2 41. d5 cxd5 42. Ke3 h1=Q 43. Kd4 Qe4+ 44. Kc5 c3 45. Kb6 c2 46.
Ka7 c1=Q 47. Kb6 Qe6+ 48. Kb7 Qd7+ 0-1

[Event "Madrid-ch Previa A"]
[Site "Madrid ESP"]
[Date "2016.02.08"]
[Round "1.28"]
[White "Calvo De Castro, Miguel"]
[Black "Suarez Mencia, Roberto"]
[Result "1-0"]
[WhiteElo "1773"]
[BlackElo "1448"]
[PlyCount "73"]
[EventDate "2016.02.08"]
[EventType "swiss"]
[EventRounds "9"]
[EventCountry "ESP"]
[SourceDate "2016.02.08"]

1. e4 c5 2. Nc3 Nc6 3. Nf3 e5 4. Bb5 d6 5. h3 Bd7 6. a3 Be7 7. d3 Nf6 8. Bg5
O-O 9. Bxf6 Bxf6 10. Bxc6 Bxc6 11. O-O a6 12. Nh2 b5 13. Ng4 b4 14. Ne2 d5 15.
Ng3 dxe4 16. dxe4 Qxd1 17. Nxf6+ gxf6 18. Rfxd1 Kh8 19. Rd6 Bb7 20. Rad1 Rg8
21. Rxf6 Raf8 22. Rd7 Bc8 23. Rc7 Be6 24. Rxc5 Rd8 25. axb4 Rd1+ 26. Kh2 Rd2
27. Nf1 Rd1 28. Ne3 Re1 29. Rxe5 Bxh3 30. gxh3 Rgg1 31. Nf5 Rh1+ 32. Kg3 Reg1+
33. Kf4 Rh2 34. Re8+ Rg8 35. Rxg8+ Kxg8 36. Rxa6 Rxf2+ 37. Ke3 1-0

[Event "Madrid-ch Previa A"]
[Site "Madrid ESP"]
[Date "2016.02.08"]
[Round "1.29"]
[White "Enriquez Pastor, Jorge"]
[Black "Gonzalez Recas, Fernando"]
[Result "0-1"]
[WhiteElo "1425"]
[BlackElo "1766"]
[PlyCount "110"]
[EventDate "2016.02.08"]
[EventType "swiss"]
[EventRounds "9"]
[EventCountry "ESP"]
[SourceDate "2016.02.08"]

1. e4 d6 2. d4 Nf6 3. Nc3 g6 4. d5 Bg7 5. Nf3 Nbd7 6. Bb5 O-O 7. Bxd7 Bxd7 8.
h3 c6 9. O-O Qc7 10. Rb1 Rad8 11. Bf4 e6 12. dxe6 Bxe6 13. Re1 Qe7 14. Qd2 Rd7
15. Bh6 Rfd8 16. Bxg7 Kxg7 17. Qf4 Nh5 18. Qe3 b6 19. Qd4+ Qf6 20. Rbd1 Qxd4
21. Nxd4 c5 22. Nf3 h6 23. Nd5 Nf6 24. Nxf6 Kxf6 25. b3 d5 26. exd5 Bxd5 27.
Ne5 Rd6 28. Ng4+ Kg7 29. c4 Be6 30. Rxd6 Rxd6 31. Ne3 Rd2 32. Ra1 Kf6 33. Kf1
h5 34. Ke1 Rd7 35. Ke2 Ke5 36. Nf1 g5 37. Nd2 g4 38. hxg4 hxg4 39. g3 Bf5 40.
Rh1 Bd3+ 41. Ke3 Bg6 42. Ke2 Kd4 43. Rd1 Bd3+ 44. Ke1 Re7+ 45. Ne4 Rxe4+ 46.
Kd2 Re2+ 47. Kc1 Rc2+ 48. Kb1 Rxf2+ 49. Ka1 Rf1 50. Rxf1 Bxf1 51. Kb2 Bd3 52.
a3 f5 53. b4 Bxc4 54. b5 Bxb5 55. a4 Bd7 0-1

[Event "Madrid-ch Previa A"]
[Site "Madrid ESP"]
[Date "2016.02.08"]
[Round "1.31"]
[White "Sierra Garcia, Ricardo"]
[Black "Ortega Morales, Pedro"]
[Result "0-1"]
[WhiteElo "1800"]
[BlackElo "1751"]
[PlyCount "76"]
[EventDate "2016.02.08"]
[EventType "swiss"]
[EventRounds "9"]
[EventCountry "ESP"]
[SourceDate "2016.02.08"]

1. e4 e5 2. Nf3 Nc6 3. Bb5 Nf6 4. O-O Nxe4 5. d4 Nd6 6. Ba4 exd4 7. Re1+ Be7 8.
Nxd4 O-O 9. Be3 Bf6 10. Nxc6 dxc6 11. c3 Be6 12. Nd2 Re8 13. Nf1 Nf5 14. Qc2
Bg5 15. Rad1 Qf6 16. Bd4 Qg6 17. Ne3 Nxd4 18. Qxg6 Nf3+ 19. gxf3 hxg6 20. Bc2
Red8 21. Ng4 Rxd1 22. Rxd1 Rd8 23. a4 Rxd1+ 24. Bxd1 Bc1 25. b4 Bd2 26. b5 cxb5
27. axb5 Bxc3 28. Ne3 Kf8 29. Kf1 Be5 30. h4 Bf6 31. Ng2 Ke7 32. f4 Kd6 33. Bf3
Bc4+ 34. Be2 Kc5 35. Bxc4 Kxc4 36. f5 gxf5 37. Ne3+ Kxb5 38. Nxf5 a5 0-1

[Event "Madrid-ch Previa A"]
[Site "Madrid ESP"]
[Date "2016.02.09"]
[Round "2.1"]
[White "Corredor San Jose, Antonio"]
[Black "Ruiz Sanchez, Roberto"]
[Result "0-1"]
[WhiteElo "1792"]
[BlackElo "1965"]
[PlyCount "64"]
[EventDate "2016.02.08"]
[EventType "swiss"]
[EventRounds "9"]
[EventCountry "ESP"]
[SourceDate "2016.02.08"]

1. e4 c5 2. Nf3 d6 3. d4 cxd4 4. Nxd4 Nf6 5. f3 e5 6. Bb5+ Nbd7 7. Nf5 Qc7 8.
Nc3 a6 9. Ba4 b5 10. Bb3 Nb6 11. Ne3 Be6 12. O-O Rc8 13. Kh1 Be7 14. Ne2 O-O
15. c3 Rfd8 16. Qe1 a5 17. Ng3 a4 18. Bxe6 fxe6 19. Bd2 Nc4 20. Nxc4 bxc4 21.
Bg5 Rb8 22. Bxf6 Bxf6 23. Qe2 g6 24. Rad1 Rb6 25. f4 Rdb8 26. Rd2 exf4 27. Qg4
Qe7 28. Nh5 Rxb2 29. Rxb2 Rxb2 30. Nxf4 Bxc3 31. Nxe6 Rxa2 32. Qg5 Ra1 0-1

[Event "Madrid-ch Previa A"]
[Site "Madrid ESP"]
[Date "2016.02.09"]
[Round "2.2"]
[White "Garcia Gutierrez, Jose"]
[Black "Fernandez Aransay, Fernando"]
[Result "1-0"]
[WhiteElo "1928"]
[BlackElo "1800"]
[PlyCount "119"]
[EventDate "2016.02.08"]
[EventType "swiss"]
[EventRounds "9"]
[EventCountry "ESP"]
[SourceDate "2016.02.08"]

1. e4 c5 2. b3 d6 3. Bb2 Nf6 4. Bb5+ Bd7 5. Bxd7+ Qxd7 6. Nf3 Nc6 7. O-O g6 8.
Na3 Bg7 9. Qe2 O-O 10. d3 Rfe8 11. Rad1 Rac8 12. c4 a6 13. Nc2 Qc7 14. Ne3 e6
15. h3 Rcd8 16. Qc2 Nd7 17. Bxg7 Kxg7 18. Qb2+ Kg8 19. Ng4 e5 20. Qd2 Nd4 21.
Ng5 Ne6 22. Nh6+ Kg7 23. Nhxf7 Nf4 24. Nxd8 Qxd8 25. Nf3 Rf8 26. Qe3 Nf6 27.
Kh2 Qc8 28. Ng1 h5 29. g3 Nxh3 30. f3 Nxg1 31. Rxg1 Rh8 32. Qg5 Qd8 33. Kg2 Qd7
34. Rh1 Nh7 35. Qd2 Rf8 36. Rdf1 Nf6 37. Rh4 Qd8 38. Qg5 Qa5 39. Rf2 b5 40. f4
Ng4 41. Rxg4 hxg4 42. Qe7+ Rf7 43. Qxd6 Qe1 44. Qxe5+ Kg8 45. Qg5 Qd1 46. Qxg6+
Rg7 47. Qe6+ Kh8 48. Qh6+ Kg8 49. Qe6+ Kh8 50. Qe8+ Kh7 51. Qd8 Rg6 52. Qe7+
Kh8 53. Qf8+ Kh7 54. Qf7+ Rg7 55. Qh5+ Kg8 56. f5 Qxd3 57. Qe8+ Kh7 58. f6 Rg6
59. Qe7+ Kh8 60. f7 1-0

[Event "Madrid-ch Previa A"]
[Site "Madrid ESP"]
[Date "2016.02.09"]
[Round "2.3"]
[White "Fernandez Rios, Jose Francisco"]
[Black "Morona Minguez, Miguel"]
[Result "1-0"]
[WhiteElo "1778"]
[BlackElo "1927"]
[PlyCount "74"]
[EventDate "2016.02.08"]
[EventType "swiss"]
[EventRounds "9"]
[EventCountry "ESP"]
[SourceDate "2016.02.08"]

1. d4 d5 2. c4 c6 3. Nf3 Nf6 4. e3 Bf5 5. cxd5 cxd5 6. Qb3 Qc7 7. Bd2 Nc6 8.
Bb5 e6 9. O-O Bd6 10. Rc1 O-O 11. Bxc6 bxc6 12. Bb4 Nd7 13. Bxd6 Qxd6 14. Qc3
Rfc8 15. b4 Rab8 16. a3 f6 17. Nbd2 g5 18. Nb3 Nb6 19. Nc5 Nc4 20. Nd2 Nxd2 21.
Qxd2 Kf7 22. f3 Rd8 23. Rc3 g4 24. f4 Rg8 25. g3 Rg6 26. Rac1 e5 27. Nb3 Rb6
28. Na5 Bd7 29. Qc2 exd4 30. exd4 f5 31. Re3 Rf6 32. Rce1 Kg6 33. Re7 Re6 34.
R1xe6+ Bxe6 35. Rxa7 Rb8 36. Qxc6 Qxc6 37. Nxc6 Rc8 1-0

[Event "Madrid-ch Previa A"]
[Site "Madrid ESP"]
[Date "2016.02.09"]
[Round "2.4"]
[White "Santamaria Baeza, Adolfo"]
[Black "Calvo De Castro, Miguel"]
[Result "0-1"]
[WhiteElo "1918"]
[BlackElo "1773"]
[PlyCount "92"]
[EventDate "2016.02.08"]
[EventType "swiss"]
[EventRounds "9"]
[EventCountry "ESP"]
[SourceDate "2016.02.08"]

1. e4 e5 2. Nf3 Nc6 3. Bc4 Nf6 4. d3 Be7 5. Nc3 d6 6. Bg5 Bg4 7. Bxf6 Bxf6 8.
Nd5 Nd4 9. Ne3 Nxf3+ 10. gxf3 Be6 11. Bxe6 fxe6 12. c3 Qd7 13. Qb3 O-O-O 14.
O-O-O Bh4 15. Rd2 Rdf8 16. Qd1 Rf7 17. Rg1 Rhf8 18. Rg4 Qe7 19. Ng2 Bg5 20. f4
Bxf4 21. Nxf4 Rxf4 22. Rg2 Rf3 23. Qg1 g6 24. Kc2 Qf7 25. h4 Rh3 26. f4 exf4
27. Qxa7 f3 28. Rgf2 b6 29. Qa8+ Kd7 30. Qa4+ Kd8 31. e5 dxe5 32. Qa8+ Kd7 33.
Qa4+ Ke7 34. Qc6 Kd8 35. Qa8+ Kd7 36. Qa4+ Kc8 37. Rd1 Kb8 38. Rdf1 Qf4 39. Qc6
Rf6 40. Kb3 h6 41. a4 Qe3 42. Qd7 Kb7 43. Qd8 Rf4 44. Qd7 Rhxh4 45. Qxe6 Qxd3
46. Qxe5 Rb4+ 0-1

[Event "Madrid-ch Previa A"]
[Site "Madrid ESP"]
[Date "2016.02.09"]
[Round "2.5"]
[White "Pashov, Spas Nikolov"]
[Black "Viñas Lopez, Carlos"]
[Result "1/2-1/2"]
[WhiteElo "1774"]
[BlackElo "1913"]
[PlyCount "71"]
[EventDate "2016.02.08"]
[EventType "swiss"]
[EventRounds "9"]
[EventCountry "ESP"]
[SourceDate "2016.02.08"]

1. e4 c5 2. Nf3 e6 3. d4 cxd4 4. Nxd4 Nf6 5. Nc3 Nc6 6. Ndb5 Bc5 7. Bf4 O-O 8.
Bd6 Qb6 9. Bxc5 Qxc5 10. Qd6 Qb6 11. Rb1 Ne8 12. Qd2 f5 13. Qe3 Qa5 14. Be2
fxe4 15. Qxe4 d5 16. Qh4 a6 17. Nd4 e5 18. Nb3 Qb4 19. Qxb4 Nxb4 20. O-O Nf6
21. a3 Nc6 22. f3 Bf5 23. Bd3 Bxd3 24. cxd3 Rfe8 25. Rfe1 Kf7 26. Kf2 Re7 27.
Re2 Rae8 28. h3 b5 29. Nc5 Nd4 30. Rbe1 a5 31. b4 Nc2 32. Nxb5 Nxe1 33. Nd6+
Kf8 34. Nxe8 Nxd3+ 35. Nxd3 Kxe8 36. Re1 1/2-1/2

[Event "Madrid-ch Previa A"]
[Site "Madrid ESP"]
[Date "2016.02.09"]
[Round "2.6"]
[White "Camacho Casado, Demetrio"]
[Black "Galan Aguado, Fernando"]
[Result "1/2-1/2"]
[WhiteElo "1909"]
[BlackElo "1738"]
[PlyCount "52"]
[EventDate "2016.02.08"]
[EventType "swiss"]
[EventRounds "9"]
[EventCountry "ESP"]
[SourceDate "2016.02.08"]

1. e4 e6 2. d4 d5 3. Nd2 dxe4 4. Nxe4 Bd7 5. Nf3 Bc6 6. Bd3 Nd7 7. O-O Ngf6 8.
Bg5 Be7 9. Ned2 h6 10. Bh4 O-O 11. c4 Re8 12. Re1 a5 13. a3 b6 14. Rc1 Ra7 15.
Bb1 Ba8 16. Qc2 Nf8 17. Rcd1 c6 18. Nf1 Rd7 19. Qc3 c5 20. Bc2 Bxf3 21. Qxf3
Rxd4 22. Bg3 Qc8 23. Ne3 Red8 24. h3 Rxd1 25. Rxd1 Rxd1+ 26. Qxd1 Qd7 1/2-1/2

[Event "Madrid-ch Previa A"]
[Site "Madrid ESP"]
[Date "2016.02.09"]
[Round "2.7"]
[White "Ruiz Quevedo, Andres"]
[Black "Boni De Aristizabal, Marco"]
[Result "1-0"]
[WhiteElo "1902"]
[BlackElo "1735"]
[PlyCount "105"]
[EventDate "2016.02.08"]
[EventType "swiss"]
[EventRounds "9"]
[EventCountry "ESP"]
[SourceDate "2016.02.08"]

1. g3 c6 2. Bg2 d5 3. Nf3 Bf5 4. O-O Nf6 5. d3 e6 6. c4 Bd6 7. Be3 Ng4 8. Bd2
Nd7 9. cxd5 exd5 10. e4 dxe4 11. dxe4 Bg6 12. h3 Nxf2 13. Rxf2 Bc5 14. Bc3
Bxf2+ 15. Kxf2 f6 16. Nbd2 Qc7 17. Qe2 O-O 18. Nh4 Ne5 19. Kg1 Rad8 20. Kh2 Bf7
21. Nhf3 Ng6 22. a3 Rfe8 23. Re1 f5 24. e5 f4 25. g4 Bd5 26. Nc4 Qe7 27. Nd6
Rxd6 28. exd6 Qxe2 29. Rxe2 Rd8 30. Ng5 Bxg2 31. Kxg2 h6 32. Nf3 Rxd6 33. Rd2
Rxd2+ 34. Bxd2 Kf7 35. h4 Ke6 36. h5 Ne7 37. Bxf4 Nd5 38. Nd4+ Kf6 39. Kf3 Nxf4
40. Kxf4 a6 41. Nb3 b6 42. a4 c5 43. a5 bxa5 44. Nxc5 g5+ 45. Ke4 Ke7 46. Kf5
Kd6 47. Ne4+ Kc6 48. Kg6 Kb5 49. Nc3+ Kc4 50. Kxh6 Kb3 51. Nd1 Kc2 52. Kxg5
Kxd1 53. h6 1-0

[Event "Madrid-ch Previa A"]
[Site "Madrid ESP"]
[Date "2016.02.09"]
[Round "2.8"]
[White "Gonzalez Recas, Fernando"]
[Black "Rueda Maria, Ramiro"]
[Result "0-1"]
[WhiteElo "1766"]
[BlackElo "1891"]
[PlyCount "64"]
[EventDate "2016.02.08"]
[EventType "swiss"]
[EventRounds "9"]
[EventCountry "ESP"]
[SourceDate "2016.02.08"]

1. e4 e5 2. Nf3 Nc6 3. Bb5 a6 4. Ba4 Nf6 5. Nc3 b5 6. Bb3 Bb7 7. d3 Be7 8. O-O
d6 9. a3 O-O 10. Nd5 Nxd5 11. Bxd5 Bf6 12. c3 Qc8 13. Bg5 Bxg5 14. Nxg5 h6 15.
Nh3 Ne7 16. Bb3 d5 17. Qe2 Qd7 18. f4 dxe4 19. dxe4 Qc6 20. Rae1 Rad8 21. fxe5
Qc5+ 22. Kh1 Qxe5 23. Nf4 Rd6 24. Nd3 Qg5 25. Rd1 Ng6 26. Rf5 Qe7 27. e5 Bd5
28. Bxd5 Rxd5 29. Re1 c5 30. Nf4 Nxf4 31. Rxf4 Rfd8 32. Rf2 Rxe5 0-1

[Event "Madrid-ch Previa A"]
[Site "Madrid ESP"]
[Date "2016.02.09"]
[Round "2.9"]
[White "Lozano Sanchez, Jose Antonio"]
[Black "Lopez Ziegler, Juan Jose"]
[Result "1-0"]
[WhiteElo "1883"]
[BlackElo "1574"]
[PlyCount "143"]
[EventDate "2016.02.08"]
[EventType "swiss"]
[EventRounds "9"]
[EventCountry "ESP"]
[SourceDate "2016.02.08"]

1. e4 e6 2. f4 d5 3. e5 c5 4. Nf3 Nh6 5. c3 Be7 6. d4 Bd7 7. Be2 Qb6 8. Nbd2
Nf5 9. Qb3 c4 10. Qxb6 axb6 11. Nf1 b5 12. g4 Nh4 13. Ne3 g6 14. O-O Nxf3+ 15.
Bxf3 Na6 16. a3 Nc7 17. Bd2 O-O-O 18. Bd1 f5 19. exf6 Bxf6 20. g5 Bg7 21. Ng4
Ne8 22. Ne5 Nd6 23. Bc2 Rdf8 24. Rae1 Bxe5 25. fxe5 Nf5 26. Rf4 Be8 27. Ref1
Kc7 28. Kg2 Kd8 29. Ra1 Kc7 30. b3 Rhg8 31. bxc4 bxc4 32. Rff1 Bd7 33. Rfb1
Nh4+ 34. Kg3 Nf5+ 35. Kg4 Ne7 36. Rf1 Rxf1 37. Rxf1 Nf5 38. Bf4 Ra8 39. Ra1 Ne7
40. h4 Ba4 41. Bb1 Nc8 42. Kg3 Na7 43. h5 Be8 44. h6 Nb5 45. Bd2 Rxa3 46. Rxa3
Nxa3 47. Ba2 Ba4 48. Bc1 Nb5 49. Bb1 Nxc3 50. Bxg6 hxg6 51. Kg4 Ne2 52. Ba3
Nxd4 53. h7 Nf5 54. h8=Q c3 55. Qh7+ Bd7 56. Qxg6 d4 57. Bb4 c2 58. Bd2 b5 59.
Qh5 b4 60. Qh3 Ba4 61. Qd3 Kb6 62. g6 b3 63. Bc1 Kc5 64. Kg5 Kb4 65. Kf6 Bb5
66. Qd2+ Kc5 67. g7 Nxg7 68. Kxg7 Bc4 69. Qa5+ Bb5 70. Kf6 d3 71. Kxe6 Kc4 72.
Bb2 1-0

[Event "Madrid-ch Previa A"]
[Site "Madrid ESP"]
[Date "2016.02.09"]
[Round "2.10"]
[White "Ortega Morales, Pedro"]
[Black "Santos Garay-Cordovil, Salvado"]
[Result "1-0"]
[WhiteElo "1751"]
[BlackElo "1873"]
[PlyCount "93"]
[EventDate "2016.02.08"]
[EventType "swiss"]
[EventRounds "9"]
[EventCountry "ESP"]
[SourceDate "2016.02.08"]

1. d4 d5 2. Bf4 c5 3. e3 Nc6 4. c3 Nf6 5. Nd2 cxd4 6. exd4 g6 7. Be2 Bg7 8.
Ngf3 O-O 9. O-O Nh5 10. Be3 f5 11. Nb3 Qd6 12. Ne1 f4 13. Bd2 Nf6 14. Nd3 Ne4
15. Bc1 b6 16. f3 Ng5 17. Re1 a5 18. a4 Bd7 19. Bf1 Rae8 20. Bd2 h5 21. h4 Nh7
22. Re2 Rf5 23. Qe1 Bf6 24. Nbc1 Bxd4+ 25. cxd4 Nxd4 26. Bxf4 Rxf4 27. Nxf4 e5
28. Nfd3 Nxe2+ 29. Bxe2 e4 30. fxe4 dxe4 31. Nf2 Nf6 32. Bc4+ Kh7 33. Ne2 Qe5
34. Qc3 Qe7 35. b3 e3 36. Nd3 Ne4 37. Qe1 Rf8 38. Nef4 Nd2 39. Qg3 Bg4 40. Nd5
Qe4 41. Qxe3 Qxe3+ 42. Nxe3 Bd7 43. Ne5 Bc8 44. Rd1 Re8 45. Rxd2 Rxe5 46. Kf2
Kg7 47. Rd6 1-0

[Event "Madrid-ch Previa A"]
[Site "Madrid ESP"]
[Date "2016.02.09"]
[Round "2.12"]
[White "Marin Aso, Jose Luis"]
[Black "Martin Garcia, Francisco Javie"]
[Result "0-1"]
[WhiteElo "1846"]
[BlackElo "1553"]
[PlyCount "62"]
[EventDate "2016.02.08"]
[EventType "swiss"]
[EventRounds "9"]
[EventCountry "ESP"]
[SourceDate "2016.02.08"]

1. e4 d5 2. exd5 Nf6 3. Nf3 Bg4 4. Be2 Qxd5 5. d4 Nc6 6. c4 Qh5 7. Nc3 O-O-O 8.
Be3 e5 9. d5 Bb4 10. Qa4 Nd4 11. Bxd4 exd4 12. Kf1 Bxc3 13. bxc3 d3 14. Bd1 Ne4
15. Kg1 Nxc3 16. Qb3 Ne2+ 17. Kf1 Bxf3 18. Qxd3 Bxg2+ 19. Kxg2 Nf4+ 20. Kf1 Qe5
21. Qb1 Rhe8 22. Bf3 Qd4 23. d6 Qxc4+ 24. Kg1 c6 25. Qf5+ Re6 26. Bg4 g6 27.
Qxf7 Rdxd6 28. Rb1 b5 29. Qg8+ Kb7 30. Bxe6 Rxe6 31. Rd1 Ne2+ 0-1

[Event "Madrid-ch Previa A"]
[Site "Madrid ESP"]
[Date "2016.02.09"]
[Round "2.13"]
[White "Roldan Garcia, Angel"]
[Black "Martin Rodriguez, Jose Luis"]
[Result "1-0"]
[WhiteElo "1838"]
[BlackElo "1354"]
[PlyCount "71"]
[EventDate "2016.02.08"]
[EventType "swiss"]
[EventRounds "9"]
[EventCountry "ESP"]
[SourceDate "2016.02.08"]

1. e4 e6 2. d4 d5 3. Nd2 c5 4. exd5 Qxd5 5. Ngf3 cxd4 6. Bc4 Qd6 7. O-O Nc6 8.
Nb3 Nf6 9. Nbxd4 Nxd4 10. Nxd4 Bd7 11. c3 Be7 12. Qf3 Qc7 13. Bd3 Bd6 14. h3
O-O-O 15. a4 a6 16. Bg5 Be7 17. b4 Bc6 18. Nxc6 Qxc6 19. Qxc6+ bxc6 20. Bxa6+
Kc7 21. Rfd1 Rhe8 22. Bf4+ Kb6 23. Bc4 Ne4 24. a5+ Kb7 25. a6+ Ka8 26. b5 Nxc3
27. Rxd8+ Rxd8 28. b6 Bc5 29. b7+ Ka7 30. b8=Q+ Rxb8 31. Bxb8+ Kxb8 32. Rc1 Ne4
33. Rb1+ Kc8 34. Rb2 Nd6 35. Bd3 g6 36. Rc2 1-0

[Event "Madrid-ch Previa A"]
[Site "Madrid ESP"]
[Date "2016.02.09"]
[Round "2.14"]
[White "Marcelo De La Mata, Daniel"]
[Black "Fernandez Bonilla, M. Arcangel"]
[Result "1/2-1/2"]
[WhiteElo "1623"]
[BlackElo "1829"]
[PlyCount "51"]
[EventDate "2016.02.08"]
[EventType "swiss"]
[EventRounds "9"]
[EventCountry "ESP"]
[SourceDate "2016.02.08"]

1. e4 e5 2. Nf3 Nc6 3. Bb5 Nf6 4. Nc3 a6 5. Bxc6 dxc6 6. O-O Bd6 7. d3 Bg4 8.
Qe2 Qe7 9. Be3 Bc5 10. a3 O-O 11. Rfd1 Rfd8 12. Rd2 Rd7 13. Bxc5 Qxc5 14. Qe3
Qxe3 15. fxe3 Bxf3 16. gxf3 b5 17. Rad1 Rad8 18. b4 Rd6 19. Ne2 Nd7 20. d4 Nb6
21. Rd3 Nc4 22. Rb1 Rg6+ 23. Kf2 Rh6 24. Kg2 Rg6+ 25. Kf2 Rh6 26. Kg2 1/2-1/2

[Event "Madrid-ch Previa A"]
[Site "Madrid ESP"]
[Date "2016.02.09"]
[Round "2.16"]
[White "Cabañas Bravo, Juan Andres"]
[Black "Jimenez Gonzalez, Marcos"]
[Result "1-0"]
[WhiteElo "2006"]
[BlackElo "1807"]
[PlyCount "83"]
[EventDate "2016.02.08"]
[EventType "swiss"]
[EventRounds "9"]
[EventCountry "ESP"]
[SourceDate "2016.02.08"]

1. e4 e6 2. d4 d5 3. Bd3 c5 4. exd5 exd5 5. Nf3 Nf6 6. O-O Be7 7. dxc5 O-O 8.
b4 a5 9. c3 axb4 10. cxb4 b6 11. Qc2 Na6 12. Ba3 bxc5 13. bxc5 Qa5 14. Rc1 Be6
15. Nd4 Rac8 16. Nb3 Qa4 17. Qe2 Nc7 18. Bb2 Rfe8 19. N1d2 Qh4 20. Nf3 Qh5 21.
Qe5 Qxe5 22. Nxe5 Ng4 23. h3 Nh6 24. Nd4 Bg5 25. Rc2 g6 26. g4 Bf4 27. Nxe6
Bxe5 28. Bxe5 Nxe6 29. Bb5 Re7 30. Bf6 Rec7 31. c6 Ra7 32. a4 Nf4 33. Kh2 Ne6
34. Rd1 Nc7 35. Bd4 Raa8 36. Be5 f5 37. Kg3 Nxb5 38. axb5 Ra3+ 39. Rc3 f4+ 40.
Kxf4 Rf8+ 41. Kg3 Ra2 42. c7 1-0

[Event "Madrid-ch Previa A"]
[Site "Madrid ESP"]
[Date "2016.02.09"]
[Round "2.18"]
[White "Valencia De Loma, Sergio"]
[Black "Lopez Peral, Enrique"]
[Result "1-0"]
[WhiteElo "1672"]
[BlackElo "1816"]
[PlyCount "63"]
[EventDate "2016.02.08"]
[EventType "swiss"]
[EventRounds "9"]
[EventCountry "ESP"]
[SourceDate "2016.02.08"]

1. e4 d5 2. exd5 Qxd5 3. Nc3 Qd8 4. d4 g6 5. Bc4 Bg7 6. Nf3 Nf6 7. Bf4 c6 8.
Qd2 Bf5 9. Ne5 O-O 10. f3 Nd5 11. g4 Be6 12. Bh6 Nc7 13. Bxg7 Kxg7 14. Bxe6
Nxe6 15. O-O-O Nd7 16. Nxd7 Qxd7 17. h4 Rad8 18. Ne2 Qd5 19. Kb1 c5 20. h5 Rh8
21. h6+ Kf8 22. Nf4 Nxf4 23. Qxf4 cxd4 24. c3 e5 25. Qf6 Rg8 26. cxd4 exd4 27.
Rhe1 Qd6 28. Re6 Qxe6 29. Qxd8+ Qe8 30. Rxd4 g5 31. Qd6+ Qe7 32. Qb8+ 1-0

[Event "Madrid-ch Previa A"]
[Site "Madrid ESP"]
[Date "2016.02.09"]
[Round "2.19"]
[White "Veuthey Martinez, Eloy"]
[Black "Vazquez Cabeza, Isaac"]
[Result "0-1"]
[WhiteElo "1537"]
[BlackElo "1724"]
[PlyCount "64"]
[EventDate "2016.02.08"]
[EventType "swiss"]
[EventRounds "9"]
[EventCountry "ESP"]
[SourceDate "2016.02.08"]

1. d4 e6 2. Nf3 Nf6 3. e3 d5 4. Bd3 c5 5. b3 Nc6 6. O-O Bd6 7. Bb2 O-O 8. Ne5
Qc7 9. f4 cxd4 10. exd4 Nb4 11. Nc3 a6 12. a3 Nc6 13. Qe2 Nxd4 14. Qd2 Bc5 15.
Kh1 Nc6 16. Nd1 d4 17. Qe2 Nd5 18. Rf3 Nxf4 19. Rxf4 Qxe5 20. Qxe5 Nxe5 21.
Bxd4 Nxd3 22. cxd3 Bxd4 23. Rxd4 e5 24. Rc4 Be6 25. Rc7 Rab8 26. b4 Rfc8 27.
Rac1 Rxc7 28. Rxc7 Rc8 29. Rxb7 Rc1 30. Rb8+ Bc8 31. h3 Rxd1+ 32. Kh2 Rc1 0-1

[Event "Madrid-ch Previa A"]
[Site "Madrid ESP"]
[Date "2016.02.09"]
[Round "2.20"]
[White "Martinez Carrasco, Jesus"]
[Black "Corral Aragon, Juan Maria"]
[Result "0-1"]
[WhiteElo "1624"]
[BlackElo "1841"]
[PlyCount "175"]
[EventDate "2016.02.08"]
[EventType "swiss"]
[EventRounds "9"]
[EventCountry "ESP"]
[SourceDate "2016.02.08"]

1. d4 d5 2. c4 c6 3. e3 Nf6 4. Nc3 e6 5. Nf3 Bb4 6. Qc2 Ne4 7. a3 Qa5 8. Bd2
Nxd2 9. Qxd2 Nd7 10. cxd5 exd5 11. Bd3 O-O 12. O-O Bxc3 13. bxc3 c5 14. Qc2 Nf6
15. c4 dxc4 16. Bxc4 b5 17. Be2 cxd4 18. Nxd4 Bd7 19. Qd3 a6 20. Rfc1 Rfd8 21.
Qb3 Rac8 22. Bf3 Rc7 23. Rxc7 Qxc7 24. h3 Rc8 25. Rd1 Qc3 26. Qb4 Qxb4 27. axb4
Rc4 28. Rb1 g6 29. Bb7 Bc8 30. Bxc8 Rxc8 31. Ra1 Rc4 32. Rxa6 Ne4 33. f3 Rc1+
34. Kh2 Nd2 35. Kg3 Rb1 36. Ra8+ Kg7 37. Rb8 Rxb4 38. Rxb5 Ra4 39. Kf4 Nc4 40.
h4 Nd6 41. Rd5 Nf5 42. h5 Kf6 43. hxg6 fxg6 44. g4 g5+ 45. Ke4 Ng3+ 46. Kd3
Ra3+ 47. Kd2 Nf1+ 48. Ke2 Nxe3 49. Rd6+ Kf7 50. Rd7+ Kg6 51. Rd6+ Kf7 52. Rd7+
Kg6 53. Rd6+ Kg7 54. Ne6+ Kf6 55. Nc5+ Kg7 56. Rd7+ Kg6 57. Rd6+ Kg7 58. Rd7+
Kg8 59. Ne6 h6 60. Rg7+ Kh8 61. Rg6 Kh7 62. Nf8+ Kh8 63. Nd7 Nd5 64. Rxh6+ Kg7
65. Rc6 Ra2+ 66. Ke1 Nf4 67. Rc7 Re2+ 68. Kf1 Re7 69. Rb7 Kh6 70. Nc5 Re3 71.
Rb6+ Kg7 72. Rb3 Re5 73. Ne4 Ra5 74. Rc3 Ra1+ 75. Kf2 Ra2+ 76. Ke1 Ra5 77. Kd2
Ra2+ 78. Rc2 Ra5 79. Rc5 Ra2+ 80. Ke3 Re2+ 81. Kd4 Ne6+ 82. Kd5 Nxc5 83. Kxc5
Re3 84. Nxg5 Re5+ 85. Kd4 Rxg5 86. Ke4 Ra5 87. f4 Kf6 88. g5+ 0-1

[Event "Madrid-ch Previa A"]
[Site "Madrid ESP"]
[Date "2016.02.09"]
[Round "2.21"]
[White "Cano Mercado, Francisco Manuel"]
[Black "Ballesteros Jimenez, Miguel A"]
[Result "1-0"]
[WhiteElo "1827"]
[BlackElo "1607"]
[PlyCount "74"]
[EventDate "2016.02.08"]
[EventType "swiss"]
[EventRounds "9"]
[EventCountry "ESP"]
[SourceDate "2016.02.08"]

1. e4 d5 2. exd5 Qxd5 3. Nc3 Qd6 4. d4 Nf6 5. Nf3 a6 6. Bd3 b5 7. O-O Bb7 8.
Bg5 Nbd7 9. Bh4 e6 10. Bg3 Qb6 11. a4 Bd6 12. Bxd6 Qxd6 13. axb5 Ng4 14. Be4
Bxe4 15. Nxe4 Qb6 16. d5 O-O 17. dxe6 Qxe6 18. Neg5 Qf5 19. bxa6 Qb5 20. c4 Qc6
21. Nxh7 Rfd8 22. Qc2 Rxa6 23. Rxa6 Qxa6 24. Nhg5 Qh6 25. Rd1 Ngf6 26. Qf5 Ra8
27. h3 Nb6 28. b3 Rf8 29. c5 Nbd5 30. Rxd5 Nxd5 31. Qxd5 Qf6 32. Qd3 g6 33. Qd4
Qxd4 34. Nxd4 Rd8 35. Nc6 Rd1+ 36. Kh2 Rd2 37. Ne4 f5 1-0